MARC

LEADER 00000nam0a2200000 4500
001 18309
005 20231101205209.0
010 |a 5250022154 
035 |a (RuTPU)RU\TPU\book\18458 
035 |a BOOK00003146 
090 |a 18309 
100 |a 20011209d1992 k y0rusy50 ca 
101 0 |a rus 
102 |a RU 
105 |a y z 000zy 
200 1 |a Россия - Япония. Территориальная проблема: поиск решения  |f В. Н. Еремин 
210 |a Москва  |c Республика  |d 1992 
215 |a 189 с. 
606 1 |a Азиатско-Тихоокеанский регион  |x Международные отношения с Россией  |2 stltpush  |3 (RuTPU)RU\TPU\subj\58943  |9 76624 
610 1 |a политика 
610 1 |a международные отноешния 
610 1 |a Россия 
610 1 |a Япония 
610 1 |a Сахалинская область 
610 1 |a территориальная проблема 
610 1 |a история 
686 |a Ф4(2)9(5)  |v LBC/SL-A  |2 rubbk 
700 1 |a Еремин  |b В. Н.  |g Владимир Николаевич 
801 0 |a RU  |b 63413507  |c 20011209  |g PSBO 
801 2 |a RU  |b 63413507  |c 20140320  |g PSBO 
942 |c BK